Fundamentos de la política fiscal: teoría y práctica
Na minha lista:
| Autor principal: | |
|---|---|
| Formato: | Livro |
| Idioma: | espanhol |
| Publicado em: |
Santiago
Jurídica de Chile
1965
Santiago Universidad de Chile 1965 |
| Edição: | 2a. ed |
| Colecção: | Estudios Jurídicos y Sociales, 18
|
| Assuntos: | |
| Tags: |
Adicionar Tag
Sem tags, seja o primeiro a adicionar uma tag!
|
MARC
| LEADER | 00000nam a2200000 a 4500 | ||
|---|---|---|---|
| 001 | UCS0424 | ||
| 003 | CL-VaPUC | ||
| 008 | 970426e19650000CL |||||||||||||||||spa|d | ||
| 082 | 0 | 4 | |a 343.04 |b HER |2 21 |
| 100 | |a Herrera Lane, Felipe |e autor |9 527387 | ||
| 245 | 1 | 0 | |a Fundamentos de la política fiscal: teoría y práctica |
| 250 | |a 2a. ed | ||
| 300 | |a 255 p | ||
| 942 | |c BK | ||
| 945 | |d 19970426 00:00:00 |a cmena | ||
| 260 | |a Santiago |b Jurídica de Chile |c 1965 | ||
| 260 | |a Santiago |b Universidad de Chile |c 1965 | ||
| 650 | 0 | |a Derecho administrativo |9 254851 | |
| 650 | 0 | |a Administración pública |9 255343 | |
| 650 | 0 | |a Política fiscal |9 317354 | |
| 650 | 7 | |a POLITICA FINANCIERA |2 CL-VaPUC |9 356280 | |
| 650 | 7 | |a RENTA NACIONAL |2 CL-VaPUC |9 359260 | |
| 650 | 0 | |a Inflación |9 257218 | |
| 650 | 7 | |a NACIONALIZACION |2 CL-VaPUC |9 257239 | |
| 650 | 7 | |a LEGISLACION |2 CL-VaPUC |9 383896 | |
| 650 | 0 | |a Seguridad social |9 255322 | |
| 651 | 7 | |a CHILE |2 CL-VaPUC |9 383897 | |
| 583 | |a last modification |c 20130318 07:40:54 |k Rodrigo Vera | ||
| 490 | 0 | |a Estudios Jurídicos y Sociales, 18 | |
| 999 | |c 258652 |d 258650 | ||
| 952 | |0 0 |1 0 |4 0 |6 343_040000000000000_HER_1965_1965 |7 0 |8 A |9 282906 |a BIBDER |b BIBDER |d 2019-11-19 |i 1837230 |o 343.04 HER 1965 1965 |p 1837230 |r 2023-01-25 |w 2019-11-19 |y BK |k DER | ||